Science Quiz

Random Science or Biology Quiz

'C' in Science Quiz Stats

 Plays Quiz Updated May 31, 2016

Also try: 'B' in Science
Challenge
Share
Tweet
Embed
Score 0/20 Timer 05:00
7 Plays Today
Question Answer % Correct
To which temperature scale is 273.15 added to determine Kelvin temperature?Celsius
89.8%
Also a unit for radioactivity, what is the surname of radiology pioneers Marie and Pierre?Curie
88.6%
What is the outermost solid shell of a rocky planet?Crust
87.1%
Hale-Bopp, 103P/Hartley, and Halley's are examples of what solar body?Comet
86.8%
What is a single piece of coiled DNA called, of which humans have forty-six?Chromosome
85%
What are the smallest blood vessels in the body?Capillaries
77.8%
What group of diseases are known medically as 'malignant neoplasm'Cancer
76.7%
What is the name for a reagent that speeds up a reaction but is not consumed by the reaction?Catalyst
66%
What is the term for the flow of electric charge through a medium?Current
63.5%
What kind of clouds are characterized by thin, wispy strands?Cirrus
58.1%
Question Answer % Correct
What type of chemical reaction will usually produce carbon dioxide, water, and energy?Combustion
46.2%
What is the seventeenth element on the Periodic Table?Chlorine
44.8%
What plasma 'atmosphere' of the Sun can be seen (with great risk) during a total solar eclipse?Corona
43%
What organic compound is the structural component of a green plant's cell wall?Cellulose
41.6%
What is the unit for electric charge?Coulomb
41.5%
What constellation is translated as 'the swan'?Cygnus
27.1%
What class of mollusks include octopuses, squid, and cuttlefish?Cephalopoda
25.5%
What is the term for sequences of 3 nucleotides that specify a particular amino acid?Codons
22.5%
What is the term for the concerted, collective movement of groups of molecules in a fluid?Convection
11.6%
What is the maximum mass of a stable white dwarf star?Chandrasekhar Limit
6.3%

You're not logged in!

Compare scores with friends on all Sporcle quizzes.
OR
Log In

You Might Also Like...

Show Comments

Extras

Top Quizzes Today


Score Distribution

Your Account Isn't Verified!

In order to create a playlist on Sporcle, you need to verify the email address you used during registration. Go to your Sporcle Settings to finish the process.

Report this User

Report this user for behavior that violates our Community Guidelines.

Details: